Công nghệ lò hơi và mạng nhiệt /
Chương 1: Khái niệm chung.
Salvato in:
| Autore principale: | |
|---|---|
| Altri autori: | |
| Natura: | Libro |
| Lingua: | Vietnamese |
| Pubblicazione: |
H. :
Khoa học và kỹ thuật ,
2008
|
| Edizione: | Tái bản lần thứ 4 |
| Soggetti: | |
| Tags: |
Aggiungi Tag
Nessun Tag, puoi essere il primo ad aggiungerne! !
|
| Thư viện lưu trữ: | Thư viện Trường CĐ Kỹ Thuật Cao Thắng |
|---|
| LEADER | 01893nam a2200373 a 4500 | ||
|---|---|---|---|
| 001 | TVCDKTCT10312 | ||
| 003 | Thư viện trường Cao đẳng Kỹ thuật Cao Thắng | ||
| 005 | 20221024095809.000 | ||
| 008 | 081104 | ||
| 980 | \ | \ | |a Thư viện Trường CĐ Kỹ Thuật Cao Thắng |
| 024 | |a RG_1 #1 eb0 i1 | ||
| 041 | 0 | # | |a vie |
| 082 | # | # | |a 621.1 / |b C431NGH-ph |
| 100 | 1 | # | |a Nguyễn Công Hân |
| 245 | 0 | 0 | |a Công nghệ lò hơi và mạng nhiệt / |c Nguyễn Công Hân, Phạm Lê Dzần |
| 250 | # | # | |a Tái bản lần thứ 4 |
| 260 | # | # | |a H. : |b Khoa học và kỹ thuật , |c 2008 |
| 300 | # | # | |a 291tr. ; |c 24cm |
| 520 | # | # | |a Chương 1: Khái niệm chung. |
| 520 | # | # | |a Chương 2: Thiết bị cháy và thiết bị buồng lửa. |
| 520 | # | # | |a Chương 3: Quá trình sinh hơi và các bề mặt truyền nhiệt. |
| 520 | # | # | |a Chương 4: Hệ thống thông gió. |
| 520 | # | # | |a Chương 5: Thiết bị phụ và cấu trúc xây dựng. |
| 520 | # | # | |a Chương 6: Vận hành, bảo dưỡng và xu thế phát triển lò hơi. |
| 520 | # | # | |a Chương 7: Mạng nhiệt. |
| 520 | # | # | |a Cuốn sách gồm 7 chương : |
| 520 | # | # | |a Cuốn sách" Công nghệ lò hơi và mạng nhiệt" có nội dung cơ bản về quá trình và thiết bị sản xuất và vận chuyển hơi nước, nước nóng chủ yếu từ nhiên liệu hữu cơ. |
| 650 | # | 4 | |a Lò hơi |
| 653 | # | 4 | |a Industrial Steam Boiler |
| 653 | # | 4 | |a Thermal Engineering Technology |
| 700 | 0 | # | |a Phạm Lê Dzần |
| 721 | # | # | |a 06. CNKT Nhiệt lạnh |
| 721 | # | # | |a 13.Kỹ thuật máy lạnh và điều hòa không khí |
| 841 | # | # | |b Kho Sách |j 100026498, 100026503, 100026513, 100026518, 100026523 |